LEADER 00956nam a2200229 i 4500 001 000000222713 003 CaOOAMICUS 005 20240827163258.0 008 130924b it 000 u ita r 040 $aSeMil$bita 245 10$aPace in terra. 264 1$aMilano :$bTipografia Buzzetti & Naccari 300 $a48 p. ;$c23 cm. 500 $aFascicolo di rivista: "L'albero di Zaccheo", a. IV, n. 4, dicembre 2005. -- Quaderni spirituali 710 2 $aComunità Sorelle del Signore .$0(OLS)http://semarc/name/115698 830 2$aL'albero di Zaccheo :$bQuaderni spirituali.$0(OLS)http://semarc/title/449962 850 $aSeMil 852 $aSeMil$W1$xVenegono$y1$m5D XI 14/4$j173059$B173059$CSeMilBibl$Z2$F183358 $81 961 $aOmaggio: Altro 996 $6245$aPace in terra$9(OLS)http://semarc/title/363268 996 $6264$aMilano :$bTipografia Buzzetti & Naccari$9(OLS)http://semarc/publisher/53276 LEADER 01211nam a2200277 4500 001 000000331087 003 CaOOAMICUS 005 20181109120908.0 008 181107s2010 it a 000 u ita r 040 $aSeMil$bita 245 10$a150 anni di opere e arte :$bi tesori della provincia di Milano. 246 0 $aCentocinquanta anni di opere e arte 264 1$a[S.l. :$bs.n.,$c2010]$e(Vimercate :$fArti Grafiche Vertemati) 300 $a147 p. :$bill. ;$c29 cm 500 $aIn testa al front.: Provincia di Milano 500 $aCatalogo della mostra 541 1 $aFondo Card. Angelo Scola 650 4$aMilano - Arte - Esposizioni.$0(OLS)http://semarc/subject/47819 650 4$aMilano - Patrimonio artistico.$0(OLS)http://semarc/subject/29413 850 $aSeMil 852 $aSeMil$W1$xVenegono$y1$m5Q VII 10$j220487$B231405$CSeMilBibl$Z2$F231405 $8I 941 1 $a6 996 $6246$aCentocinquanta anni di opere e arte$9(OLS)http://semarc/title/419796 996 $6245$a150 anni di opere e arte :$bi tesori della provincia di Milano$9(OLS)http://semarc/title/419753 996 $6264$a[S.l. :$bs.n.$9(OLS)http://semarc/publisher/31686